Movies Quiz

Random Movies or Quote Quiz

Oscars 2016 (Quotes) Quiz Stats

 Plays Quiz not verified by Sporcle

Score 0/20 Timer 07:00
0 Plays Today
% Correct
Matt Damon (The Martian)
95.2%
Sylvester Stallone (Creed)
95.2%
Saoirse Ronan (Brooklyn)
85.5%
Rachel McAdams (Spotlight)
85.5%
Leonardo DiCaprio (The Revenant)
84.3%
Mark Ruffalo (Spotlight)
84.3%
Brie Larson (Room)
78.3%
Alicia Vikander (The Danish Girl)
78.3%
Michael Fassbender (Steve Jobs)
73.5%
Jennifer Jason Leigh (The Hateful Eight)
68.7%
% Correct
Tom Hardy (The Revenant)
67.5%
Eddie Redmayne (The Danish Girl)
66.3%
Jennifer Lawrence (Joy)
63.9%
Christian Bale (The Big Short)
60.2%
Cate Blanchett (Carol)
50.6%
Kate Winslet (Steve Jobs)
50.6%
Bryan Cranston (Trumbo)
41%
Charlotte Rampling (45 years)
41%
Mark Rylance (Bridge of Spies)
33.7%
Rooney Mara (Carol)
32.5%

You're not logged in!

Compare scores with friends on all Sporcle quizzes.
OR
Log In

Sporcle TV

Today on Sporcle TV


Watch our educational content, quiz creation guides, and fun videos on Sporcle TV.

Show Comments

Extras

Top Quizzes Today


Score Distribution

Your Account Isn't Verified!

In order to create a playlist on Sporcle, you need to verify the email address you used during registration. Go to your Sporcle Settings to finish the process.

Report this User

Report this user for behavior that violates our Community Guidelines.

Details: